|
|
|
|
| LEADER |
00000nam2a2200000 4500 |
| 001 |
289724 |
| 005 |
20231102000220.0 |
| 035 |
|
|
|a (RuTPU)RU\TPU\book\314238
|
| 035 |
|
|
|a RU\TPU\book\81291
|
| 090 |
|
|
|a 289724
|
| 100 |
|
|
|a 20050408d1980 k y0rusy50 ca
|
| 101 |
0 |
|
|a rus
|
| 102 |
|
|
|a RU
|
| 105 |
|
|
|a af z 001zy
|
| 200 |
0 |
|
|a Ч. 2 : Месторождения медно-вольфрам-молибденовых, полиметаллических и мышьяково-кобальтовой формаций
|
| 210 |
|
|
|d 1980
|
| 215 |
|
|
|a 297 с.
|c ил., карты
|
| 316 |
|
|
|5 63413507: КР-7339
|a На форзаце владельческая подпись: «Л. Рихванов г. Томск март, 1981 г.»
|
| 317 |
|
|
|5 63413507: КР-7339
|a Поступил в НТБ в 2021 г. в дар от семьи профессора ТПУ Л. П. Рихванова
|
| 320 |
|
|
|a Библиогр.: с. 283-295
|
| 330 |
|
|
|a Во второй части работы обобщаются данные по изучению контактово-метасоматнческих месторождений меди, вольфрама, молибдена, кобальта и полиметаллов центральной части Алтае-Саянской области. Для этих месторождений выполнена классификация на формационной основе, выделены соответствующие рудные формации и на примере типовых рудных полей рассмотрены их свойства и признаки. В частности, показано положение месторождений соответствующих формаций в региональных структурах, закономерности их размещения и формирования, геологическое строение, морфология рудных тел, минералогические, геохимические и генетические их особенности. Значительное внимание уделено теоретическим вопросам образования месторождении. Работа рассчитана на широкий круг геологов, занимающихся изучением месторождений данного генетического тина.
|
| 461 |
|
1 |
|0 (RuTPU)RU\TPU\book\70974
|t Рудные формации контактово-метасоматических месторождений Алтае-Саянской области
|o в 2 ч.
|f Ю. В. Индукаев
|v Ч. 2 : Месторождения медно-вольфрам-молибденовых, полиметаллических и мышьяково-кобальтовой формаций
|d 1980
|
| 606 |
1 |
|
|a Рудные (металлоносные) месторождения
|2 stltpush
|3 (RuTPU)RU\TPU\subj\26025
|9 50044
|
| 610 |
1 |
|
|a геология
|
| 610 |
1 |
|
|a месторождения
|
| 610 |
1 |
|
|a Алтае-Саянская область
|
| 610 |
1 |
|
|a железные руды
|
| 610 |
1 |
|
|a классификация месторождений
|
| 610 |
1 |
|
|a геологическое строение
|
| 610 |
1 |
|
|a медь
|
| 610 |
1 |
|
|a вольфрам
|
| 610 |
1 |
|
|a молибден
|
| 610 |
1 |
|
|a полиметаллическое оруденение
|
| 610 |
1 |
|
|a мышьяк
|
| 610 |
1 |
|
|a кобальт
|
| 610 |
1 |
|
|a Библиотека Л. П. Рихванова
|
| 610 |
1 |
|
|a дары библиотеке
|
| 610 |
1 |
|
|a владельческие подписи
|
| 675 |
|
|
|a 553.3/.4
|v 3
|
| 801 |
|
0 |
|a RU
|b RuMRKP
|c 19950704
|g psbo
|
| 801 |
|
1 |
|a RU
|b 63413507
|c 20150402
|
| 801 |
|
2 |
|a RU
|b 63413507
|c 20220714
|g RCR
|
| 942 |
|
|
|c BK
|